| 000 | 00443nam a22001697a 4500 | ||
|---|---|---|---|
| 005 | 20250521164208.0 | ||
| 008 | 250521b |||||||| |||| 00| 0 eng d | ||
| 020 | _a978-0-07-122095-8 | ||
| 100 | _aKINICKI, ANGELO | ||
| 245 |
_aMANAGEMENT _bA PRACTICAL INTRODUCTION |
||
| 250 | _a5TH ED. | ||
| 260 |
_aLONDON _bMcGRAW HILL _c2011 |
||
| 300 | _aXXXI,545p.,ILLUS.,TABLE | ||
| 500 | _aINDEX | ||
| 700 | _aWILLIAMS BRIAN K. | ||
| 942 |
_2lcc _cBK _n0 |
||
| 999 |
_c5904 _d5904 |
||